| 000 | 00348nam a2200133Ia 4500 | ||
|---|---|---|---|
| 008 | 200615s9999||||xx |||||||||||||| ||und|| | ||
| 020 | _a9780070445550 | ||
| 082 |
_a650 _bBUS-R |
||
| 100 | _aR C SHARMA | ||
| 245 | 0 | _aBUSINESS CORRESPONDENCE AND REPORT WRITING | |
| 250 | _a3RD | ||
| 260 |
_anew delhi _bTATA MCGRAW-HILL EDITION _c2017 |
||
| 942 | _cBK | ||
| 999 |
_c26407 _d26407 |
||